| 000 | 00656nmc a2200277 a 4500 | ||
|---|---|---|---|
| 003 | AR-BaBNM | ||
| 005 | 20251128202754.0 | ||
| 008 | 117019s1980 ||||||||||||||000 | spa|| | ||
| 040 | _cAR-BaBNM | ||
| 100 | 1 | _aSábato, Ernesto | |
| 245 | 1 | 0 | _aItinerario |
| 250 | _a4ª ed. | ||
| 260 |
_aBuenos Aires _bSur _c1980 |
||
| 300 | _a267 p. | ||
| 490 | 0 | _aAntología personal | |
| 650 | 4 | _aLITERATURA ARGENTINA | |
| 650 | 4 | _aANTOLOGIAS | |
| 650 | 4 | _aENSAYO | |
| 650 | 4 | _aESCRITORES | |
| 650 | 4 | _aFILOSOFIA LITERARIA | |
| 650 | 4 | _aLITERATURA CONTEMPORANEA | |
| 650 | 4 | _aCRITICA LITERARIA | |
| 655 | _aLITERATURA | ||
| 942 | _cBK | ||
| 998 | _cMARTIN | ||
| 999 |
_c491 _d491 |
||